| 000 | 00347nam a22001457a 4500 | ||
|---|---|---|---|
| 008 | 210514b ||||| |||| 00| 0 eng d | ||
| 020 | _a0395270898 | ||
| 041 | _aeng | ||
| 080 | _a82 | ||
| 082 | _a82 | ||
| 100 | _a21 | ||
| 101 | _aGJL | ||
| 245 |
_aTwo Worlds of Andrew Wyeth A Conversation with Andrew Wyeth _cThomas Hoving |
||
| 942 |
_2udc _cBK |
||
| 999 |
_c57353 _d57353 |
||